[Event "Niedersachsen-ch open"]
[Site "Verden"]
[Date "2010.01.06"]
[Round "7.35"]
[White "Rethmann, Kristin"]
[Black "Zotin, Vladimir"]
[Result "1/2-1/2"]
[WhiteElo "1784"]
[BlackElo "2015"]
[PlyCount "85"]
[EventDate "2010.01.03"]
[EventType "swiss"]
[EventRounds "7"]
[EventCountry "GER"]
[SourceTitle "EXT 2012"]
[Source "ChessBase"]
[SourceDate "2011.11.24"]
[SourceVersion "1"]
[SourceVersionDate "2011.11.24"]
[SourceQuality "1"]

1. e4 e5 2. Bc4 Nf6 3. d3 Be7 4. Nf3 d6 5. 0-0 Nc6 6. c3 a6 7. Bb3 Bg4 8. Re1 0-0 9. Nbd2 Na5 10. Bc2 c5 11. h3 Bd7 12. Nf1 Nc6 13. Ng3 h6 14. Be3 Nh7 15. d4 b6 16. Qd2 Ng5 17. Nxg5 hxg5 18. Rad1 Ra7 19. Qe2 g6 20. d5 Nb8 21. Bd3 Kg7 22. f3 Rh8 23. b4 Bc8 24. Rb1 Nd7 25. a4 Qc7 26. b5 a5 27. Nf1 Qd8 28. Nd2 Nf8 29. Nc4 Rb7 30. Kf2 f5 31. Rh1 Bf6 32. Rbg1 Kg8 33. Qc2 f4 34. Bc1 Rbh7 35. Qd1 Be7 36. Bb2 Nd7 37. Be2 Nf6 38. Bc1 Nh5 39. Bd3 Ng3 40. Rh2 g4 41. fxg4 Bh4 42. Kf3 Qc7 43. Bd2 1/2-1/2

[Event "Niedersachsen-ch open"]
[Site "Verden"]
[Date "2010.01.03"]
[Round "1.51"]
[White "Rethmann, Kristin"]
[Black "Oberbacher, Michael"]
[Result "1-0"]
[WhiteElo "1784"]
[BlackElo "1299"]
[PlyCount "97"]
[EventDate "2010.01.03"]
[EventType "swiss"]
[EventRounds "7"]
[EventCountry "GER"]
[SourceTitle "EXT 2012"]
[Source "ChessBase"]
[SourceDate "2011.11.24"]
[SourceVersion "1"]
[SourceVersionDate "2011.11.24"]
[SourceQuality "1"]

1. e4 e5 2. Bc4 Nf6 3. d3 d6 4. Nf3 Bg4 5. 0-0 Be7 6. c3 0-0 7. Nbd2 Nc6 8. Re1 a6 9. Nf1 Na5 10. Bb3 Nxb3 11. axb3 a5 12. c4 c5 13. Bg5 Nh5 14. Bd2 b6 15. h3 Bxf3 16. Qxf3 Nf6 17. Ng3 Re8 18. Nf5 Bf8 19. Qg3 Nh5 20. Nh6+ Kh8 21. Nxf7+ Kg8 22. Qg5 Qxg5 23. Nxg5 h6 24. Nf3 Be7 25. Rf1 Rf8 26. Be3 Nf4 27. Bxf4 Rxf4 28. Ne1 Bg5 29. Nc2 Raf8 30. Rae1 R4f7 31. Na3 Ra8 32. Nb5 Rd8 33. Re2 Bf6 34. Nc3 Rdf8 35. Nd5 Bd8 36. f3 g6 37. Kh2 g5 38. Ref2 Kg7 39. g3 Kh7 40. Kg2 h5 41. Ne3 Be7 42. Nf5 Rxf5 43. exf5 Rxf5 44. f4 gxf4 45. gxf4 Bh4 46. Rf3 exf4 47. Rxf4 Rg5+ 48. Kh1 Rg3 49. Rxh4 1-0

[Event "GER-ch U14 Girls"]
[Site "Willingen"]
[Date "2009.06.06"]
[Round "9"]
[White "Gamisch, Laura"]
[Black "Rethmann, Kristin"]
[Result "1-0"]
[WhiteElo "1744"]
[BlackElo "1748"]
[PlyCount "57"]
[EventDate "2009.05.30"]
[EventType "swiss"]
[EventRounds "9"]
[EventCountry "GER"]
[SourceTitle "EXT 2010"]
[Source "ChessBase"]
[SourceDate "2010.11.25"]
[SourceVersion "1"]
[SourceVersionDate "2010.11.25"]
[SourceQuality "1"]

1. e4 c6 2. d4 d5 3. exd5 cxd5 4. Bd3 Nc6 5. c3 Nf6 6. Bf4 Bg4 7. Qb3 Qd7 8. Nd2 e6 9. Ngf3 Bxf3 10. Nxf3 Na5 11. Qc2 Bd6 12. Bxd6 Qxd6 13. 0-0 0-0 14. Ne5 a6 15. f4 h6 16. g4 Nd7 17. Qf2 Nxe5 18. dxe5 Qd8 19. h4 g6 20. Kh2 b5 21. Kh3 Nc4 22. b3 Na5 23. f5 Nc6 24. Qe3 Kg7 25. f6+ Kh7 26. Qe2 Qe8 27. g5 h5 28. Qxh5+ Kg8 29. Qh6 1-0

[Event "GER-ch U14 Girls"]
[Site "Willingen"]
[Date "2009.06.05"]
[Round "8"]
[White "Pohl, Theresa"]
[Black "Rethmann, Kristin"]
[Result "1-0"]
[WhiteElo "1700"]
[BlackElo "1748"]
[PlyCount "133"]
[EventDate "2009.05.30"]
[EventType "swiss"]
[EventRounds "9"]
[EventCountry "GER"]
[SourceTitle "EXT 2010"]
[Source "ChessBase"]
[SourceDate "2010.11.25"]
[SourceVersion "1"]
[SourceVersionDate "2010.11.25"]
[SourceQuality "1"]

1. d4 Nf6 2. c4 c5 3. d5 e6 4. Nc3 exd5 5. cxd5 d6 6. e4 g6 7. Bd3 Bg7 8. f4 Qe7 9. Qe2 Bg4 10. Nf3 Bxf3 11. Qxf3 Nbd7 12. 0-0 0-0 13. Bd2 a6 14. a4 Rab8 15. Rfe1 Ne8 16. a5 Nc7 17. Qe2 Ra8 18. Be3 Rfb8 19. Ra2 Kh8 20. Bf2 Re8 21. Bc4 Rab8 22. Qd2 b5 23. axb6 Rxb6 24. Rea1 Nb8 25. Rd1 Nb5 26. Na4 Rb7 27. b3 Bd4 28. Re1 f6 29. Bxd4 Nxd4 30. Qd3 Ra7 31. Nc3 Qb7 32. Ne2 Nxe2+ 33. Qxe2 Kg7 34. Rea1 Rd8 35. Qd3 Kg8 36. Bxa6 Nxa6 37. Rxa6 Rxa6 38. Rxa6 Qe7 39. Kf2 Re8 40. Ra4 Qb7 41. Kf3 Rb8 42. Ra6 Qc7 43. Rc6 Qd7 44. Qc3 Kg7 45. e5 fxe5 46. fxe5 Qf7+ 47. Ke2 Qxd5 48. exd6+ Kg8 49. Qc4 Re8+ 50. Kf2 Qxc4 51. bxc4 Rd8 52. Ke3 Kf7 53. Rxc5 Rxd6 54. Rc7+ Ke6 55. Rxh7 Rd1 56. c5 Rc1 57. Rc7 Rc2 58. Kf3 Rc3+ 59. Kg4 Rc2 60. Kh3 Rc3+ 61. g3 Rc2 62. c6 Kf5 63. Rc8 g5 64. Rf8+ Kg6 65. Rc8 Kf5 66. g4+ Kf6 67. c7 1-0

[Event "GER-ch U14 Girls"]
[Site "Willingen"]
[Date "2009.06.03"]
[Round "6"]
[White "Schaetz, Bianca"]
[Black "Rethmann, Kristin"]
[Result "1-0"]
[WhiteElo "1458"]
[BlackElo "1748"]
[PlyCount "121"]
[EventDate "2009.05.30"]
[EventType "swiss"]
[EventRounds "9"]
[EventCountry "GER"]
[SourceTitle "EXT 2010"]
[Source "ChessBase"]
[SourceDate "2010.11.25"]
[SourceVersion "1"]
[SourceVersionDate "2010.11.25"]
[SourceQuality "1"]

1. f4 d5 2. Nf3 Nc6 3. g3 Bf5 4. Bg2 Nf6 5. d3 Qd7 6. 0-0 Bh3 7. Qe1 Bxg2 8. Kxg2 e6 9. e4 dxe4 10. dxe4 0-0-0 11. a4 Nd4 12. Nxd4 Qxd4 13. Nd2 h5 14. c3 Qc5 15. Nf3 Qc6 16. Ne5 Qe8 17. b4 Nd7 18. Nxd7 Qxd7 19. Be3 Kb8 20. Rd1 Qe8 21. Qf2 a6 22. b5 a5 23. c4 Bb4 24. c5 Qe7 25. c6 b6 26. e5 Ka7 27. Kh1 Rd5 28. Qf3 Qd8 29. Kg2 g6 30. Rxd5 Qxd5 31. Rd1 Qxf3+ 32. Kxf3 Kb8 33. Rd7 Rf8 34. h3 Bc3 35. Bd2 Ba1 36. Ke4 Kc8 37. Be3 Bc3 38. Bg1 Be1 39. Bh2 Bf2 40. Kf3 Be1 41. Bg1 Bc3 42. Be3 Bb2 43. Ke4 Ba3 44. Bd4 Bb4 45. g4 hxg4 46. hxg4 Be1 47. f5 gxf5+ 48. gxf5 exf5+ 49. Kxf5 Rd8 50. e6 fxe6+ 51. Kxe6 Bh4 52. Rxd8+ Bxd8 53. Bf6 Bxf6 54. Kxf6 Kd8 55. Kf7 Kc8 56. Ke8 Kb8 57. Kd8 Ka8 58. Kxc7 Ka7 59. Kd8 Kb8 60. c7+ Ka7 61. Kd7 1-0

[Event "Niedersachsen-ch U14"]
[Site "Rotenburg"]
[Date "2009.04.07"]
[Round "5"]
[White "Manusina, Nicole"]
[Black "Rethmann, Kristin"]
[Result "1/2-1/2"]
[WhiteElo "1614"]
[BlackElo "1748"]
[PlyCount "73"]
[EventDate "2009.04.04"]
[EventType "swiss"]
[EventRounds "9"]
[EventCountry "GER"]
[SourceTitle "EXT 2010"]
[Source "ChessBase"]
[SourceDate "2010.11.25"]
[SourceVersion "1"]
[SourceVersionDate "2010.11.25"]
[SourceQuality "1"]

1. d4 Nf6 2. c4 c5 3. d5 e6 4. Nc3 exd5 5. cxd5 d6 6. Nf3 Bg4 7. e4 g6 8. Bg5 Bg7 9. Be2 Bxf3 10. Bxf3 0-0 11. 0-0 Re8 12. Qc2 Nbd7 13. Rab1 a6 14. a4 Rb8 15. Be2 Qc7 16. Ra1 Nb6 17. a5 Nbd7 18. f3 Ra8 19. Rfc1 b6 20. axb6 Qxb6 21. Kh1 Ra7 22. Na4 Qb7 23. Bf4 Ne5 24. Ra3 Nh5 25. Bxe5 Bxe5 26. Rb3 Qc7 27. Nb6 Rb8 28. Nc4 Rxb3 29. Qxb3 Bf6 30. g3 Be7 31. f4 Ng7 32. e5 Nf5 33. Bd3 Nd4 34. Qa4 dxe5 35. fxe5 Nf3 36. e6 fxe6 37. Be4 1/2-1/2

[Event "Niedersachsen-ch U14"]
[Site "Rotenburg"]
[Date "2009.04.07"]
[Round "6"]
[White "Rethmann, Kristin"]
[Black "Bounine, Daniel"]
[Result "1-0"]
[WhiteElo "1748"]
[BlackElo "1700"]
[PlyCount "105"]
[EventDate "2009.04.04"]
[EventType "swiss"]
[EventRounds "9"]
[EventCountry "GER"]
[SourceTitle "EXT 2010"]
[Source "ChessBase"]
[SourceDate "2010.11.25"]
[SourceVersion "1"]
[SourceVersionDate "2010.11.25"]
[SourceQuality "1"]

1. d4 d5 2. e3 Nf6 3. Bd3 c5 4. c3 Nc6 5. Nd2 c4 6. Bc2 b5 7. f4 Bg4 8. Ngf3 b4 9. cxb4 Nxb4 10. Bb1 e6 11. Qa4+ Qd7 12. Qxd7+ Kxd7 13. Ne5+ Ke8 14. a3 Na6 15. Bc2 Bd6 16. Ndf3 Bxf3 17. gxf3 Bxe5 18. fxe5 Nd7 19. Ba4 Ke7 20. Bd2 Rab8 21. Rb1 f6 22. Rg1 Rhg8 23. exf6+ gxf6 24. Rxg8 Rxg8 25. Kf2 Nb6 26. Bc2 Kf7 27. Ba5 Nc7 28. a4 e5 29. dxe5 fxe5 30. b3 cxb3 31. Rxb3 Rb8 32. Bxb6 axb6 33. Bxh7 Rh8 34. Bb1 Rxh2+ 35. Kg3 Rh6 36. f4 exf4+ 37. exf4 Rd6 38. f5 Na6 39. Kf4 Kf6 40. Bc2 Rc6 41. Bb1 Rc4+ 42. Kf3 Rc6 43. Rd3 Rc1 44. Rb3 Rc6 45. Rd3 Nc7 46. Rd4 Rc3+ 47. Kf4 Rc4 48. Rxc4 dxc4 49. Ke4 b5 50. a5 c3 51. Kd4 b4 52. Kc4 Na6 53. Bc2 1-0

[Event "Niedersachsen-ch U14"]
[Site "Rotenburg"]
[Date "2009.04.06"]
[Round "4"]
[White "Rethmann, Kristin"]
[Black "Carmesin, Matthias"]
[Result "1/2-1/2"]
[WhiteElo "1748"]
[BlackElo "1792"]
[PlyCount "85"]
[EventDate "2009.04.04"]
[EventType "swiss"]
[EventRounds "9"]
[EventCountry "GER"]
[SourceTitle "EXT 2010"]
[Source "ChessBase"]
[SourceDate "2010.11.25"]
[SourceVersion "1"]
[SourceVersionDate "2010.11.25"]
[SourceQuality "1"]

1. d4 Nf6 2. c4 g6 3. Nc3 d5 4. cxd5 Nxd5 5. e4 Nxc3 6. bxc3 Bg7 7. Bc4 c5 8. Ne2 0-0 9. 0-0 Nc6 10. Be3 Na5 11. Bd3 cxd4 12. cxd4 b6 13. Rc1 Bb7 14. f3 Qd7 15. Qd2 Rac8 16. Rxc8 Rxc8 17. Rc1 e6 18. Rxc8+ Qxc8 19. Qc1 Qd7 20. Qb1 h5 21. Bb5 Bc6 22. Bxc6 Qxc6 23. Qd3 Qc4 24. Qxc4 Nxc4 25. Bc1 Kf8 26. Kf2 Ke7 27. Ke1 Kd7 28. Kd1 b5 29. Kc2 a5 30. Kd3 a4 31. Nc3 Kc6 32. Nxa4 Ne5+ 33. dxe5 bxa4 34. f4 Kb5 35. Bd2 Bf8 36. h3 Bc5 37. g4 hxg4 38. hxg4 Bb6 39. Bc3 Bd8 40. f5 Bb6 41. a3 Bc5 42. Bb2 Be7 43. Bc1 1/2-1/2

[Event "GER North-chT U16"]
[Site "Verden an der Aller"]
[Date "2008.09.12"]
[Round "1.4"]
[White "Rethmann, Kristin"]
[Black "Dietrich, Stefan"]
[Result "1-0"]
[WhiteElo "1605"]
[BlackElo "1335"]
[PlyCount "45"]
[EventDate "2008.09.12"]
[EventType "team-swiss"]
[EventRounds "6"]
[EventCountry "GER"]
[SourceTitle "EXT 2011"]
[Source "ChessBase"]
[SourceDate "2010.11.26"]
[SourceVersion "1"]
[SourceVersionDate "2010.11.26"]
[SourceQuality "1"]
[WhiteTeam "Hagen"]
[BlackTeam "Kiel Doppelbauer"]
[WhiteTeamCountry "GER"]
[BlackTeamCountry "GER"]

1. e4 c5 2. Nf3 a6 3. d4 cxd4 4. Nxd4 d6 5. Nc3 Nc6 6. Be3 Nf6 7. Qd2 e6 8. Be2 Be7 9. 0-0 0-0 10. Rad1 d5 11. Nxc6 bxc6 12. e5 Nd7 13. f4 Bc5 14. Kh1 Bxe3 15. Qxe3 f5 16. Na4 Qa5 17. b3 Rb8 18. Rf3 Nb6 19. Qc5 Qxc5 20. Nxc5 Re8 21. Bxa6 Bxa6 22. Nxa6 Ra8 23. Nc7 1-0

[Event "GER-ch U14 Girls"]
[Site "Willingen"]
[Date "2008.05.11"]
[Round "6"]
[White "Rethmann, Kristin"]
[Black "Kuehnel, Lena"]
[Result "1-0"]
[WhiteElo "1453"]
[BlackElo "1672"]
[PlyCount "39"]
[EventDate "2008.05.11"]
[EventType "swiss"]
[EventRounds "9"]
[EventCountry "GER"]
[SourceTitle "CBM 124 Extra"]
[Source "ChessBase"]
[SourceDate "2008.07.03"]
[SourceVersion "1"]
[SourceVersionDate "2008.07.03"]
[SourceQuality "1"]

1. e4 e5 2. Bc4 Nf6 3. d3 Nc6 4. Nf3 Bc5 5. Bb3 d6 6. c3 a6 7. Nbd2 0-0 8. h3 Ba7 9. 0-0 h6 10. Re1 Kh8 11. Nf1 Nh5 12. Ng5 Qf6 13. Nf3 Nf4 14. Bxf4 Qxf4 15. Ne3 Ne7 16. Bc2 Be6 17. d4 Rad8 18. Qe2 Ng6 19. Nf5 Bxf5 20. g3 1-0

[Event "GER-ch U14 Girls"]
[Site "Willingen"]
[Date "2008.05.11"]
[Round "2"]
[White "Schaefer, Ann Kathrin"]
[Black "Rethmann, Kristin"]
[Result "0-1"]
[WhiteElo "1673"]
[BlackElo "1453"]
[PlyCount "64"]
[EventDate "2008.05.11"]
[EventType "swiss"]
[EventRounds "9"]
[EventCountry "GER"]
[SourceTitle "CBM 124 Extra"]
[Source "ChessBase"]
[SourceDate "2008.07.03"]
[SourceVersion "1"]
[SourceVersionDate "2008.07.03"]
[SourceQuality "1"]

1. e4 e6 2. d4 d5 3. exd5 exd5 4. Nf3 Bd6 5. Nc3 c6 6. Bd3 Ne7 7. 0-0 Bf5 8. Re1 Bxd3 9. Qxd3 Qd7 10. Bd2 0-0 11. Ng5 Qf5 12. Qxf5 Nxf5 13. Nf3 Nd7 14. Re2 Rfe8 15. Rae1 Kf8 16. Ng5 Rxe2 17. Nxe2 h6 18. Nf3 Re8 19. g4 Ne7 20. Bf4 Nc8 21. Kf1 Nf6 22. Bxd6+ Nxd6 23. h3 Nfe4 24. Nf4 Nc4 25. Ne5 Nxe5 26. dxe5 Rxe5 27. f3 Nd2+ 28. Kf2 Rxe1 29. Kxe1 Nxf3+ 30. Kf2 Ne5 31. Ke3 Nc4+ 32. Kd4 Nxb2 0-1